Random Geography Quiz - M _ _ _ _ _ _ - Statistics

General Stats
  • This quiz has been taken 789 times
  • The average score is 9 of 20
Answer Stats
Hint Answer % Correct
Republic of the Union of ______, a.k.a. Burma Myanmar
83%
What is the adjective meaning "from Malta"? Maltese
77%
Deepest trench in the world's oceans Mariana
75%
Spanish island where Palma is located Majorca
72%
Host city of Oktoberfest, in German München
70%
African country bordering Atlantic Ocean Morocco
69%
One of ex-USSR countries Moldova
66%
State capital of Wisconsin Madison
52%
Home state of Lindsay from CSI: NY Montana
52%
Portuguese archipelago known for wine, resorts, and bizarre runway Madeira
48%
North American capital city Managua
39%
Home city of the Grizzlies in the NBA Memphis
37%
The middle word of the official name of Mexico Mexican
26%
African capital city Mbabane
24%
Non-country region in the northern part of Africa just west of Egypt Maghreb
19%
Overseas department of France near Madagascar and Mozambique Mayotte
19%
Second most populous Iranian city Mashhad
13%
One of most spoken languages in India Marathi
11%
International Jewish sports club association Maccabi
8%
Largest metro area in New Brunswick, Canada Moncton
7%
No matching quizzes found
Score Distribution
Percent of People with Each Score
Percentile by Number Answered
Your Score History
You have not taken this quiz